LEADER 01355nam a2200313 u 4500 001 000000014166 003 CaOOAMICUS 005 20070226105731.0 008 940517s1989 it u000 u ita u 020 $a88-7078-076-7 035 $a10337035 040 $aMSA$bita 100 1 $aGrinberg, León.$0(OLS)http://pul/name/13174 245 13$aLa supervisione psicoanalitica :$bteoria e pratica /$cLeón Grinberg. 260 $aMilano :$bR. Cortina,$cc1989. 300 $axiv, 128 p. ;$c23 cm 490 1 $aCollana di psicologia clinica e psicoterapia ;$v29 504 $aBibliografia: p. 127-128. 650 4$aPsicanalisi.$0(OLS)http://pul/subject/1791 830 0$aCollana di psicologia clinica e psicoterapia ;$v29.$0(OLS)http://pul/title/12189 850 $aPUL 852 $aPUL$W1$xSL Filosofia 1$y2$m97 S 29$j19907$nBK-PRI$b $qStampati$B19907$CPULBib$Z2$F19907 $H93190 $81 852 $aPUL$W1$xDP1 Fondo Dalla Palma$y117$m7 A 51$j158765$qFondi$B196062$CPULBib$Z2$F196062 $HDal3181 $81 941 1 $a1 941 1 $a8 960 $aPsicoanalisi$91791 996 $6020$a88-7078-076-7$9(OLS)http://pul/number/18041 996 $6245$aLa supervisione psicoanalitica :$bteoria e pratica$9(OLS)http://pul/title/20388 996 $6260$aMilano :$bR. Cortina$9(OLS)http://pul/publisher/52064 LEADER 01153nam a2200277 u 4500 001 000000040457 003 CaOOAMICUS 005 20070226114114.0 008 980527s1972 it u000 u ita u 035 $a10796518 040 $aPUL(R)$bita 100 1 $aZiccardi, Fabio.$0(OLS)http://pul/name/29855 245 13$aLe norme intepretative speciali /$cFabio Ziccardi. 260 $aMilano :$bGiuffrè,$c1972. 300 $avii, 290 p. ;$c25 cm 490 1 $aStudi di diritto privato ;$v27 500 $aContiene indici. 504 $aBibliografia in nota. 650 0$aLaw$xInterpretation and construction.$2//eng$0(OLS)http://pul/subject/18337 830 0$aStudi di diritto privato (Università degli studi di Milano. Facoltà di giurisprudenza) ;$v35.$0(OLS)http://pul/title/50091 850 $aPUL 852 $aPUL$W1$xSL Diritto e Scienze Sociali 1$y4$m173 L 10$j54989$nBK-PRI$b $qStampati$B54989$CPULBib$Z2$F54989 $H $81 941 1 $a8 961 $aINV: 50605 996 $6245$aLe norme intepretative speciali$9(OLS)http://pul/title/54598 996 $6260$aMilano :$bGiuffrè$9(OLS)http://pul/publisher/48401